All Scripts on the Wikipedia Globe - Statistics

General Stats
  • This quiz has been taken 79 times
  • The average score is 34 of 51
Answer Stats
Picture Answer % Correct
Chinese
97%
Chinese
97%
Cyrillic
97%
Cyrillic
97%
Cyrillic
97%
Cyrillic
97%
Cyrillic
97%
Latin | Roman
97%
Greek
96%
Greek
96%
Latin
94%
Latin
94%
Latin
94%
Latin
94%
Latin
94%
Latin
94%
Arabic
93%
Arabic
93%
Chosongul | Hangul | Korean
91%
Thai
90%
Hebrew
84%
Lao
81%
Tamil
81%
Khmer
80%
Assamese | Bengali | Eastern Nagari
77%
Tibetan
74%
Armenian
73%
Georgian
71%
Burmese
69%
Katakana
69%
Devanagari | Nagari
63%
Telugu
63%
Gujarati
59%
Kannada
57%
Malayalam
57%
Ethiopic | Ge'ez
56%
Sinhala
54%
Mongolian
51%
Cherokee
50%
Odia | Oriya
50%
Javanese
47%
Inuktitut
30%
Taana | Tana | Thaana
30%
Syriac
29%
Gurmukhi
23%
Gothic
20%
Baybayin | Tagalog
14%
Glagolitic | Slavic
11%
Bugis | Lontara | Urupu Sulapa
7%
Dehong Tai | Shan | Tai Nua
3%
Limbu
3%
No matching quizzes found
Score Distribution
Percent of People with Each Score
Percentile by Number Answered
Your Score History
You have not taken this quiz